Disaster resiliency (Record no. 12418)

MARC details
000 -LEADER
fixed length control field 01729nam a2200409Ia 4500
001 - CONTROL NUMBER
control field 9780203102459
003 - CONTROL NUMBER IDENTIFIER
control field BD-DhSAU
005 - DATE AND TIME OF LATEST TRANSACTION
control field 20151012151718.0
006 - FIXED-LENGTH DATA ELEMENTS--ADDITIONAL MATERIAL CHARACTERISTICS
fixed length control field a|||||s|||||||||||
007 - PHYSICAL DESCRIPTION FIXED FIELD--GENERAL INFORMATION
fixed length control field cr||||
008 - FIXED-LENGTH DATA ELEMENTS--GENERAL INFORMATION
fixed length control field 121220s2013 nyuabd sb 001 0 eng d
020 ## - INTERNATIONAL STANDARD BOOK NUMBER
International Standard Book Number 9780203102459 (e-book : PDF)
040 ## - CATALOGING SOURCE
Original cataloging agency BD-DhSAU
Transcribing agency BD-DhSAU
090 ## - LOCALLY ASSIGNED LC-TYPE CALL NUMBER (OCLC); LOCAL CALL NUMBER (OCLC)
Classification number (OCLC) (R) ; Classification number, CALL (RLIN) (NR) HV553
Local cutter number (OCLC) ; Book number/undivided call number, CALL (RLIN) .D57 2013
092 ## - LOCALLY ASSIGNED DEWEY CALL NUMBER (OCLC)
Classification number 363.34
Item number D611
245 00 - TITLE STATEMENT
Title Disaster resiliency
Medium [electronic resource] :
Remainder of title interdisciplinary perspectives /
Statement of responsibility, etc. edited by Naim Kapucu, Christopher V. Hawkins, and Fernando I. Rivera.
250 ## - EDITION STATEMENT
Edition statement 1st ed.
260 ## - PUBLICATION, DISTRIBUTION, ETC. (IMPRINT)
Place of publication, distribution, etc. New York, N.Y. :
Name of publisher, distributor, etc. Routledge,
Date of publication, distribution, etc. 2013.
300 ## - PHYSICAL DESCRIPTION
Extent xxii, 413 p. :
Other physical details ill., maps.
490 1# - SERIES STATEMENT
Series statement Routledge research in public administration and public policy ;
Volume/sequential designation 4
504 ## - BIBLIOGRAPHY, ETC. NOTE
Bibliography, etc Includes bibliographical references (p. [363]-402) and index.
505 0# - FORMATTED CONTENTS NOTE
Formatted contents note pt. 1. Introduction to conceptual insights and applications of resilience -- pt. 2. Taking action in uncertain environments : connecting resilience to hazards -- pt. 3. Improving community resilience through networks.
530 ## - ADDITIONAL PHYSICAL FORM AVAILABLE NOTE
Additional physical form available note Also available in print edition.
538 ## - SYSTEM DETAILS NOTE
System details note Mode of access: World Wide Web.
650 #0 - SUBJECT ADDED ENTRY--TOPICAL TERM
Topical term or geographic name as entry element Disasters
General subdivision Social aspects.
650 #0 - SUBJECT ADDED ENTRY--TOPICAL TERM
Topical term or geographic name as entry element Community organization.
650 #0 - SUBJECT ADDED ENTRY--TOPICAL TERM
Topical term or geographic name as entry element Preparedness.
650 #0 - SUBJECT ADDED ENTRY--TOPICAL TERM
Topical term or geographic name as entry element Resilience (Personality trait)
650 #0 - SUBJECT ADDED ENTRY--TOPICAL TERM
Topical term or geographic name as entry element Emergency management.
655 #7 - INDEX TERM--GENRE/FORM
Genre/form data or focus term Electronic books.
Source of term lcsh
700 1# - ADDED ENTRY--PERSONAL NAME
Personal name Kapucu, Naim.
700 1# - ADDED ENTRY--PERSONAL NAME
Personal name Hawkins, Christopher V.
Fuller form of name (Christopher Vincent)
700 1# - ADDED ENTRY--PERSONAL NAME
Personal name Rivera, Fernando I.
776 1# - ADDITIONAL PHYSICAL FORM ENTRY
International Standard Book Number 9780415626897 (hardback)
830 #0 - SERIES ADDED ENTRY--UNIFORM TITLE
Uniform title Routledge research in public administration and public policy ;
Volume number/sequential designation 4.
856 40 - ELECTRONIC LOCATION AND ACCESS
Uniform Resource Identifier <a href="http://www.tandfebooks.com/isbn/9780203102459">http://www.tandfebooks.com/isbn/9780203102459</a>

No items available.